| 000 | 00515nam a2200229Ia 4500 | ||
|---|---|---|---|
| 005 | 20250425162050.0 | ||
| 008 | 250425s9999 xx 000 0 und d | ||
| 020 | _a0256015171 | ||
| 041 | _aeng | ||
| 082 | _a657 | ||
| 100 | _aDON EDWARDS, JAMES | ||
| 245 | 0 | _aACCOUNTING I | |
| 250 | _a3RD ED. | ||
| 260 |
_aEstados Unidos _bIRWIN _c1974 |
||
| 260 | _aS.L. | ||
| 300 | _a722 | ||
| 650 | _aCONTABILIDAD | ||
| 700 | _aHERMANSON, ROGER H | ||
| 700 | _aSALMONSON, R F | ||
| 942 | _c01 | ||
| 010 | _a45837 | ||
| 999 |
_c221668 _d221668 |
||